000
00287nam a22001337a 4500
008
180919b xxu||||| |||| 00| 0 eng d
020
_a
9780534364731
041
_a
eng
080
_a
316
100
_a
50
101
_a
SOC
245
_a
Constructing Gender
_c
Julia, M
942
_2
udc
_c
BK
999
_c
48051
_d
48051